What the citizen should know about submarine warfare /

Bibliographic Details
Main Author: Woodbury, David O. (David Oakes), 1896-1981
Format: Book
Language:English
Published: New York : W. W. Norton, [1942]
Subjects:

MARC

Tag First Indicator Second Indicator Subfields
LEADER 00000cam a2200000 4500
001 in00000055032
005 20151008052144.0
008 750529s1942 nyu b 00000 eng u
010 |a  42020590  
035 |a (OCoLC)01360161 
035 |9 AAH1951AM 
040 |c MIA  |d TXA  |d UtOrBLW 
049 |a TXAM  |c 2 [A09119285] 
050 0 0 |a V210  |b .W6 
082 0 |a 359 
092 |a 359  |b W884w 
100 1 |a Woodbury, David O.  |q (David Oakes),  |d 1896-1981. 
245 1 0 |a What the citizen should know about submarine warfare /  |c [by] David O. Woodbury; drawings by Louis H. Ruyl, diagrams by the author. 
264 1 |a New York :  |b W. W. Norton,  |c [1942] 
300 |a 231 pages :  |b illustrations, diagrams ;  |c 21 cm. 
336 |a text  |b txt  |2 rdacontent 
337 |a unmediated  |b n  |2 rdamedia 
338 |a volume  |b nc  |2 rdacarrier 
500 |a Cover-title: Submarine warfare. 
500 |a "First edition." 
504 |a Bibliography: pages 226-227. 
650 0 |a Submarine warfare. 
650 0 |a Submarines (Ships) 
650 0 |a World War, 1914-1918  |x Naval operations  |x Submarine. 
650 0 |a World War, 1939-1945  |x Naval operations  |x Submarine. 
999 |a MARS 
999 f f |s c0099aa4-281b-316c-b4cc-ea9d535bf58b  |i 43a251de-cc28-36db-9792-b552a9211054  |t 0 
952 f f |p normal  |a Texas A&M University  |b College Station  |c Sterling C. Evans Library  |d Evans: Library Stacks  |t 0  |e V210 .W6  |h Library of Congress classification  |i unmediated -- volume  |m A14809119285 
998 f f |a V210 .W6  |t 0  |l Evans: Library Stacks